Sustainability and Property Taxation (Record no. 116193)

MARC details
000 -LEADER
fixed length control field 01258cad a22002415a 4500
001 - CONTROL NUMBER
control field L160076
008 - FIXED-LENGTH DATA ELEMENTS--GENERAL INFORMATION
fixed length control field 120529s2011 xxk g 000 0 eng d
035 ## - SYSTEM CONTROL NUMBER
System control number (Sirsi) u160076
041 0# - LANGUAGE CODE
Language code of text/sound track or separate title eng
110 ## - MAIN ENTRY--CORPORATE NAME
Corporate name or jurisdiction name as entry element Federation International Des Geometres
111 2# - MAIN ENTRY--MEETING NAME
Meeting name or jurisdiction name as entry element FIG Working Week 2011
Number [OBSOLETE] Marrakech, Morocco
Location of meeting 18-22 May 2011
245 00 - TITLE STATEMENT
Title Sustainability and Property Taxation
Remainder of title presentation to FIG
Medium [electronic resource]
260 ## - PUBLICATION, DISTRIBUTION, ETC.
Place of publication, distribution, etc. Morocco
Name of publisher, distributor, etc. FIG
Date of publication, distribution, etc. 2011
520 ## - SUMMARY, ETC.
Summary, etc. Discusses sustainability in the context of property taxation. It opines that sustainability in property taxation should be considered from three perspectives ? the sustainability of the tax object (land and buildings); the sustainability of the tax system itself; and the sustainability of the uses to which the yield from property taxation are put.
650 24 - SUBJECT ADDED ENTRY--TOPICAL TERM
Topical term or geographic name entry element PROPERTY-PROPERTY TAXATION
651 #4 - SUBJECT ADDED ENTRY--GEOGRAPHIC NAME
Geographic name United Kingdom
690 ## - LOCAL SUBJECT ADDED ENTRY--TOPICAL TERM (OCLC, RLIN)
Topical term or geographic name as entry element Sustainability
9 (RLIN) 6271
700 1# - ADDED ENTRY--PERSONAL NAME
Personal name Plimmer, Frances
700 1# - ADDED ENTRY--PERSONAL NAME
Personal name McCluskey, William
856 40 - ELECTRONIC LOCATION AND ACCESS
Uniform Resource Identifier <a href="https://www.rics.org/Global/Downloads/RICS_FIG_Sustainability_and_Property_Taxation_pdf.pdf">https://www.rics.org/Global/Downloads/RICS_FIG_Sustainability_and_Property_Taxation_pdf.pdf</a>
Public note View the presentation free of charge at www.rics.org
856 40 - ELECTRONIC LOCATION AND ACCESS
Uniform Resource Identifier <a href="https://www.fig.net/fig2011/">https://www.fig.net/fig2011/</a>
Public note View the item free of charge at www.fig.net
942 ## - ADDED ENTRY ELEMENTS (KOHA)
Suppress in OPAC 0
Holdings
Withdrawn status Lost status Source of classification or shelving scheme Damaged status Not for loan Home library Current library Shelving location Date acquired Total Checkouts Full call number Barcode Date last seen Copy number Price effective from Koha item type
    Dewey Decimal Classification     Virtual Virtual Online 21/05/2018   ONLINE PUBLICATION 160076-2001 06/08/2019 1 06/08/2019 Book